Employment of the Generation 55+ in the Context of Regional Labour Markets
Východiská pre podporu zamestnanosti generácie 55+ v regionálnom kontexte. Najväčším problémom je adaptácia vedomostí, zručností a schopností seniorov pre pracovné podmienky v súčasnosti. Analýza kapacity regionálneho pracovného trhu a jeho adaptácia pre potreby zamestnávateľov.
Enregistré dans:
| Auteur principal: | |
|---|---|
| Format: | Chapitre de livre |
| Langue: | anglais |
| Sujets: | |
| Tags: |
Pas de tags, Soyez le premier à ajouter un tag!
|
MARC
| LEADER | 00000nla a2200000 4500 | ||
|---|---|---|---|
| 001 | 0241921 | ||
| 005 | 20240417075135.4 | ||
| 041 | 0 | |a eng | |
| 044 | |a CZ | ||
| 245 | 1 | 0 | |a Employment of the Generation 55+ in the Context of Regional Labour Markets |c Jan Lojda |
| 520 | |a Východiská pre podporu zamestnanosti generácie 55+ v regionálnom kontexte. Najväčším problémom je adaptácia vedomostí, zručností a schopností seniorov pre pracovné podmienky v súčasnosti. Analýza kapacity regionálneho pracovného trhu a jeho adaptácia pre potreby zamestnávateľov. | ||
| 610 | 2 | 0 | |a zamestnanie |
| 610 | 2 | 0 | |a zamestnanosť |
| 610 | 2 | 0 | |a zamestnávatelia |
| 610 | 2 | 0 | |a seniori |
| 610 | 2 | 0 | |a regióny |
| 610 | 2 | 0 | |a kvalifikácia |
| 610 | 2 | 0 | |a vedomosti |
| 610 | 2 | 0 | |a zručnosti |
| 610 | 2 | 0 | |a trh práce |
| 610 | 2 | 0 | |a flexibilita |
| 100 | 1 | |a Lojda, Jan | |